[Event "95th Caplin Hastings Congress"]
[Site "Hastings"]
[Date "2020.01.02"]
[Round "6.10"]
[White "Flear, Glenn C"]
[Black "Grieve, Harry"]
[Result "1/2-1/2"]
[WhiteElo "2440"]
[BlackElo "2299"]
[Annotator "TA"]
[PlyCount "116"]
[EventDate "2019.12.28"]
[EventType "swiss"]
[EventCountry "ENG"]
[SourceTitle "playchess.com"]
[Source "ChessBase"]
[SourceQuality "1"]

{[%evp 25,116,26,24,0,0,0,0,0,0,0,7,8,6,0,43,14,44,0,0,0,0,-14,-14,-14,-20,-41,-42,-160,-143,-149,-157,-238,-237,-275,-245,-252,-243,-242,-244,-236,-236,-335,-35,-321,-272,-350,-163,-158,0,-360,-349,-320,-77,-84,0,0,0,0,0,0,0,0,0,0,0,0,0,0,0,0,0,0,0,0,0,0,0,0,0,0,0,0,0,0,0,0,0,0,0,0,0,0,0]} 1. d4 f5 2. g3 Nf6 3. Bg2 g6 4. Nf3 Bg7 5. O-O O-O 6. b3 d6 7. Bb2 Ne4 8. Nbd2 Nc6 9. c4 Nxd2 10. Qxd2 e5 11. dxe5 dxe5 12. Qd5+ Kh8 13. Qxd8 Rxd8 14. Rad1 {A87: Dutch Defence: Leningrad System: 5 Nf3} e4 15. Rxd8+ Nxd8 16. Bxg7+ Kxg7 17. Nd4 {[#]} Kf6 $146 ({Predecessor:} 17... Ne6 18. Rd1 Nxd4 19. Rxd4 Be6 20. f3 exf3 21. exf3 c5 {½-½ (21) Brynell,S (2447)-Berg,E (2623) Denmark 2009}) 18. f3 exf3 $1 19. exf3 f4 20. gxf4 Ne6 21. Nxe6 (21. Ne2 {is interesting.} Ng7 22. Nc3 Kf7 23. Rd1 Bf5 24. c5) 21... Bxe6 $14 {[%mdl 4096] Endgame KRB-KRB} 22. Rd1 a5 23. a4 Ra6 24. Kf2 Bf5 25. Bf1 Rd6 26. Be2 (26. Re1 $15) 26... Bc2 $1 $17 {[%csl LRb3,LRd1][%cal Rc2d1]} 27. Rc1 Bxb3 28. Rb1 (28. h4 $17 {might work better.}) 28... Rb6 $1 $19 ({And not} 28... Bxa4 29. Rxb7 c5 30. Ra7 $11) 29. c5 Rb4 {[%mdl 64] Double Attack} 30. Bd1 Bxd1 31. Rxd1 {KR-KR} Ke7 ({Don't take} 31... Rxf4 32. Rd7 $17) 32. c6 bxc6 33. Kg3 (33. Re1+ $142 Kd6 34. Rd1+ Kc5 35. Rd7) 33... h6 $2 (33... Rxa4 $19 {aiming for ...Rb4.} 34. Rc1 Kd6) 34. Re1+ $2 {[%mdl 8192]} (34. Rc1 $15) 34... Kd6 35. Rd1+ Ke6 (35... Kc5 $142 $1 36. Ra1 Rd4) 36. Re1+ Kd6 $2 (36... Kd7 $17 37. Rd1+ Kc8) 37. Rd1+ {[#]} Kc5 $1 38. Rd7 Kb6 $2 (38... Rxa4 $19 39. h4 Rd4 40. Rxc7 a4) 39. Rg7 $17 {[#]} Rxa4 (39... g5 $1 $17 40. fxg5 hxg5 41. Rxg5 Rxa4) 40. Rxg6 $11 {The position is equal.} Rd4 41. f5 Rd8 42. Kf4 a4 43. f6 {Black must now prevent Kf5.} a3 44. Kf5 {Threatens to win with f7.} Kb5 45. f7 {Rg8 is the strong threat.} a2 $1 46. Rg1 {Hoping for Kf6.} Kb4 47. Ke6 c5 48. Ke7 Ra8 49. f8=Q Rxf8 50. Kxf8 {KR-KP} c4 51. f4 c3 52. f5 Kb3 53. f6 Kb2 54. f7 a1=Q 55. Rxa1 Kxa1 56. Kg8 c2 57. f8=Q c1=Q 58. Qa8+ Kb1 {Accuracy: White = 59%, Black = 49%.} 1/2-1/2

[Event "95th Caplin Hastings Congress"]
[Site "Hastings"]
[Date "2020.01.02"]
[Round "6.11"]
[White "Williams, Simon K"]
[Black "Balaji, Aaravamudhan"]
[Result "1-0"]
[WhiteElo "2461"]
[BlackElo "2050"]
[Annotator "TA"]
[PlyCount "67"]
[EventDate "2019.12.28"]
[EventType "swiss"]
[EventCountry "ENG"]
[SourceTitle "playchess.com"]
[Source "ChessBase"]
[SourceQuality "1"]

{[%evp 9,67,16,29,10,23,0,0,2,35,31,23,26,21,27,22,37,35,22,66,66,66,68,66,66,99,103,100,95,93,97,95,84,85,85,86,89,87,64,98,87,95,97,196,187,189,154,238,238,238,236,300,320,293,312,335,328,318,314,304,297]} 1. d4 Nf6 2. Nc3 g6 3. Bf4 Bg7 4. e4 d5 (4... d6 5. Qd2 c6 6. Bh6 Bxh6 7. Qxh6 Qa5 8. f3 b5 9. Bd3 b4 10. Nd1 c5 11. Ne2 Nc6 12. d5 Ne5 13. b3 c4 14. Bxc4 Nxc4 15. bxc4 Ba6 16. Qd2 Rc8 {1-0 (43) Jumabayev,R (2633)-Guseinov,G (2654) Riga 2019}) 5. e5 Ne4 6. Nxe4 {A45: Trompowsky Attack} dxe4 7. Bc4 c5 8. dxc5 $146 {aiming for Qxd8+.The position is equal.} ({Predecessor:} 8. c3 cxd4 9. Qxd4 Qxd4 10. cxd4 Nc6 11. Ne2 {1-0 (39) Delchev,A (2552)-Nedev,T (2495) Skopje 2018}) 8... Qa5+ 9. c3 Qxc5 10. Qd5 Qxd5 11. Bxd5 Nc6 12. Bxe4 Nxe5 13. Nf3 $36 {[%mdl 2048] Black is under pressure.} Nxf3+ 14. Bxf3 e5 15. Be3 f5 16. Bd5 f4 17. Bc5 Bf8 18. Bxf8 Kxf8 19. O-O-O Ke7 20. Rhe1 Kf6 21. Bf3 Rb8 22. Rd6+ Be6 23. Bg4 Rhe8 24. g3 $1 g5 {[#]} 25. h4 $1 {[%cal Rh4g5] Threatens to win with hxg5+.} Kf7 {[#]} (25... h6 $16 {was worth a try.}) 26. Bh5+ $1 $18 {[%mdl 64] Skewer} Ke7 27. Rd2 Rg8 (27... Red8 $16) 28. Rxe5 Kf6 29. Re1 {Rd6! is the strong threat.} gxh4 30. Rd6 {White has a decisive advantage.} ({Not} 30. gxh4 Rbd8 $16) 30... Kg5 31. Re5+ ({But not} 31. Rexe6 $6 Kxh5 32. Rh6+ (32. gxf4 Kg4 $14) 32... Kg5 $18) 31... Bf5 32. g4 {[%csl Gg4][%cal Re5f5][%mdl 64] Pin} Rbf8 33. Rdd5 h3 34. Rxf5+ {Accuracy: White = 88%, Black = 56%.} 1-0

[Event "95th Caplin Hastings Congress"]
[Site "Hastings"]
[Date "2020.01.02"]
[Round "6.12"]
[White "Arkell, Keith C"]
[Black "Unnikrishnan, Midhun P"]
[Result "1-0"]
[WhiteElo "2453"]
[BlackElo "2135"]
[Annotator "TA"]
[PlyCount "147"]
[EventDate "2019.12.28"]
[EventType "swiss"]
[EventCountry "ENG"]
[SourceTitle "playchess.com"]
[Source "ChessBase"]
[SourceQuality "1"]

{[%evp 9,147,0,0,-20,-12,-51,-14,-37,-41,-38,-35,-51,-20,-27,-35,-26,-4,-1,0,-1,-2,-12,12,-2,0,0,32,31,35,15,29,31,40,16,35,16,15,20,27,26,41,24,50,24,59,50,62,0,52,27,29,21,37,0,0,8,43,26,31,17,68,25,29,24,31,31,43,49,57,55,79,55,116,86,86,86,86,86,86,86,86,86,86,50,125,125,300,239,313,310,373,381,382,313,563,329,312,296,536,529,503,476,473,399,485,518,493,476,518,370,518,518,518,518,518,518,518,518,1764,1626,29976,29977,5089,4795,29981,29982,29982,29983,29983,29981,29984,29985,29993,29994,29994,29993,29994,29983,29983,29983]} 1. c4 c5 2. Nc3 g6 3. a3 (3. g3 Bg7 4. Bg2 Nc6 5. d3 e6 6. Bd2 Nge7 7. Qc1 h6 8. Nf3 b6 9. h4 Bb7 10. Rb1 Nd4 11. Ne4 d5 12. cxd5 exd5 13. Nc3 Rc8 14. O-O {1-0 (37) Duda,J (2737)-So,W (2780) chess.com INT 2018}) 3... Bg7 4. b4 Nf6 5. Bb2 d6 6. bxc5 $146 {A34: Symmetrical English: 2 Nc3, lines with ...d5} ({Predecessor:} 6. g3 O-O 7. Bg2 Nc6 8. bxc5 dxc5 9. Nf3 Be6 {½-½ (20) Bosboom,M (2418)-Harika,D (2473) Wijk aan Zee 2009}) 6... dxc5 7. Nd5 Nbd7 8. Nxf6+ {The position is equal.} (8. g3 {is more complex.} O-O 9. Ne3 b6 10. Bg2 Rb8 11. Nf3) 8... Bxf6 9. Bxf6 Nxf6 10. Nf3 O-O 11. g3 Qc7 12. d3 Bd7 13. Bg2 Bc6 14. O-O Nd7 15. Rb1 Rab8 16. Re1 Rfc8 17. Qd2 Ne5 18. Nxe5 Qxe5 19. Rb3 Bxg2 20. Kxg2 Qc7 21. Reb1 Qc6+ 22. Kg1 Rc7 23. Qb2 f6 24. a4 Qd7 25. a5 Qc6 26. Rb5 Qd7 27. Qc1 Qc6 28. Qb2 Qd7 29. Qb3 Kg7 30. Rb2 Qc6 31. f4 Qd7 32. Qd1 Rd8 33. Qf1 Qc6 34. Qg2 (34. Qf2 {keeps more tension.} Rdd7 35. Qe3 e6 36. Rb1 Re7 37. Qe4) 34... Qxg2+ 35. Kxg2 $11 {[%mdl 4096] Endgame KRR-KRR} Rdd7 36. g4 e6 37. Kf3 Kf7 38. h4 Kg7 39. Rb1 h6 40. g5 fxg5 (40... f5 $14) 41. hxg5 h5 42. R5b3 Kf7 43. Ke4 Ke7 44. Ke5 Kf7 45. e3 Re7 46. d4 cxd4 (46... Red7 $1 $14) 47. exd4 $16 Red7 $2 {[#]} (47... b6 $16 {is a better defense.}) 48. Rb4 Ke7 49. Ke4 Kd6 50. c5+ Ke7 51. R4b3 Kf7 $2 (51... Kd8 52. a6 bxa6) 52. Rb5 Ke7 53. R1b4 Kf7 $2 {[#]} (53... h4 54. Rb1 Kd8) 54. a6 $1 $18 {[%mdl 512]} bxa6 55. Rb8 a5 56. R4b5 a4 57. Ra5 Rb7 58. Rxb7 Rxb7 59. Rxa4 {KR-KR} Ke7 60. Ra6 Rd7 61. c6 Rc7 {intending ...Kd6.} 62. Ke5 h4 63. Ra3 Kd8 (63... Rxc6 $142 64. Rxa7+ Kf8) 64. Kd6 Rf7 65. Rb3 {[%cal Rb3b8]} Kc8 66. Re3 Rxf4 67. d5 {White mates.} Rf8 68. Rxe6 h3 69. Re7 Rd8+ 70. Kc5 Rh8 71. Rxa7 Kb8 72. Rb7+ Ka8 73. Rb1 h2 74. c7 {Accuracy: White = 57%, Black = 41%.} 1-0

[Event "95th Caplin Hastings Congress"]
[Site "Hastings"]
[Date "2020.01.02"]
[Round "6.13"]
[White "Persson, Andreas"]
[Black "Fishbein, Alexander"]
[Result "0-1"]
[WhiteElo "2112"]
[BlackElo "2435"]
[Annotator "TA"]
[PlyCount "76"]
[EventDate "2019.12.28"]
[EventType "swiss"]
[EventCountry "ENG"]
[SourceTitle "playchess.com"]
[Source "ChessBase"]
[SourceQuality "1"]

{[%evp 12,112,35,22,21,18,27,7,31,19,26,13,10,-10,42,20,19,8,18,20,61,55,57,35,42,30,46,22,23,0,22,16,24,23,18,23,41,33,36,19,16,24,53,52,50,50,50,40,33,22,26,13,14,0,0,0,0,0,56,58,60,-84,-60,-72,0,-97,-107,-160,-161,-189,-128,-143,-139,-129,-132,-150,-145,-264,-260,-371,-358,-393,-397,-411,-411,-530,-510,-1887,-1472,-29988,-29988,-29989,-29977,-29977,-29978,-29978,-29979,-29976,-29971,-29987,-29986,-29993,-29994]} 1. d4 Nf6 2. Nf3 g6 3. g3 Bg7 4. Bg2 O-O 5. O-O d6 6. b3 a5 7. Bb2 a4 {A49: 1 d4 Nf6 2 Nf3 g6 3 g3: Anti-King's Indian systems} 8. c4 c5 (8... c6 9. e3 Bg4 10. h3 Bxf3 11. Bxf3 Nbd7 12. Nc3 a3 13. Bc1 e5 14. dxe5 Nxe5 15. Bg2 {1-0 (42) Giri,A (2782)-Aronian,L (2767) chess.com INT 2018}) 9. Re1 $146 ({Predecessor:} 9. d5 a3 10. Nxa3 Nxd5 11. Bxg7 Kxg7 12. cxd5 Rxa3 13. Qd2 {½-½ (34) Timman,J (2562)-Van Foreest,J (2548) Hoogeveen 2015}) 9... Qb6 {The position is equal.} 10. d5 Bf5 11. Nfd2 Re8 12. Qc1 Bxb1 ({Black should play} 12... axb3 $11 13. e4 Bd7) 13. Qxb1 axb3 14. axb3 Na6 {[%cal Bb8a6,Ba6b4,Bb4a2][%mdl 32]} 15. Bc3 Nd7 16. Bxg7 Kxg7 17. Qb2+ Kg8 18. h4 Nf6 19. e4 Nb4 20. Qc3 Ra2 21. Rxa2 Nxa2 22. Qb2 Nb4 {aiming for ...Nd3.} 23. Ra1 Rb8 24. Bf1 Qd8 25. e5 dxe5 26. Qxe5 Qd6 27. Qc3 Re8 28. Bg2 b6 29. Bf3 e5 30. Kg2 Qe7 31. Re1 Nd7 32. Ne4 f5 33. Ng5 e4 {Threatens to win with ...Qf6.} 34. Be2 Nf8 (34... Qe5 $11 35. Qxe5 Nxe5) 35. Ra1 $14 h6 36. Ne6 (36. Nh3 $14 {is the one way to stay ahead.}) 36... Nxe6 $17 37. dxe6 Qg7 ({Much weaker is} 37... Qxe6 38. Ra7 $11) ({Black should try} 37... h5 $17) 38. Qc1 {[#]} (38. Qd2 $1 $11 {was the only way to keep the balance.}) 38... Nc6 {Played: Nb4-c2} 0-1

[Event "95th Caplin Hastings Congress"]
[Site "Hastings"]
[Date "2020.01.02"]
[Round "6.14"]
[White "Willson, Ollie"]
[Black "Merry, Alan B"]
[Result "0-1"]
[WhiteElo "2082"]
[BlackElo "2420"]
[Annotator "ChessBase"]
[PlyCount "106"]
[EventDate "2019.12.28"]
[EventType "swiss"]
[EventCountry "ENG"]
[SourceTitle "playchess.com"]
[Source "ChessBase"]
[SourceQuality "1"]
[TimeControl "40/6600+30:3000+30"]

1. d4 {[%emt 0:09:33]} Nf6 {[%emt 0:09:32]} 2. Nf3 {[%emt 0:00:09]} b6 {[%emt 0:00:03]} 3. g3 {[%emt 0:00:52]} Bb7 {[%emt 0:00:03]} 4. Bg2 {[%emt 0:00:03]} g6 {[%emt 0:00:04]} 5. c4 {[%emt 0:00:29]} Bg7 {[%emt 0:00:04]} 6. Nc3 {[%emt 0:00:02]} Ne4 {[%emt 0:01:30]} 7. Nxe4 {[%emt 0:03:24]} Bxe4 {[%emt 0:00:05]} 8. O-O {[%emt 0:00:04]} O-O {[%emt 0:00:06]} 9. Bf4 {[%emt 0:14:42]} d6 {[%emt 0:06:24]} 10. Qd2 {[%emt 0:02:47]} Re8 {[%emt 0:03:49]} 11. Bh6 {[%emt 0:12:17]} Bh8 {[%emt 0:01:06]} 12. Qf4 {[%emt 0:15:01]} f5 {[%emt 0:02:29]} 13. Rad1 {[%emt 0:13:57]} e6 {[%emt 0:01:36]} 14. Bh3 {[%emt 0:07:42]} Nc6 {[%emt 0:21:47]} 15. d5 {[%emt 0:15:02]} e5 {[%emt 0:04:34]} 16. Qe3 {[%emt 0:01:02]} Bxf3 {[%emt 0:00:45]} 17. Qxf3 {[%emt 0:08:24]} e4 {[%emt 0:00:50]} 18. Qb3 {[%emt 0:01:29]} Ne5 {[%emt 0:02:16]} 19. Be3 {[%emt 0:00:45]} h5 {[%emt 0:07:21]} 20. Bd4 {[%emt 0:01:53]} Nd7 {[%emt 0:14:25]} 21. Bxh8 {[%emt 0:03:19]} Kxh8 {[%emt 0:00:01]} 22. Qc3+ {[%emt 0:00:10]} Kh7 {[%emt 0:04:51]} 23. f3 {[%emt 0:00:28]} Nf6 {[%emt 0:00:44]} 24. Bg2 {[%emt 0:01:22]} Qe7 {[%emt 0:00:28]} 25. Rd4 {[%emt 0:02:28]} exf3 {[%emt 0:05:08]} 26. exf3 {[%emt 0:00:01]} Qe3+ {[%emt 0:00:16]} 27. Qxe3 {[%emt 0:00:06]} Rxe3 {[%emt 0:00:03]} 28. Rfd1 {[%emt 0:03:55]} Rae8 {[%emt 0:00:16]} 29. R4d3 {[%emt 0:00:20]} Rxd3 {[%emt 0:01:39]} 30. Rxd3 {[%emt 0:00:01]} Re2 {[%emt 0:00:13]} 31. Rb3 {[%emt 0:03:04]} Kg7 {[%emt 0:02:11]} 32. Bf1 {[%emt 0:00:35]} Rc2 {[%emt 0:00:30]} 33. Ra3 {[%emt 0:00:27]} a5 {[%emt 0:00:41]} 34. Rb3 {[%emt 0:00:34]} Nd7 {[%emt 0:02:11]} 35. f4 {[%emt 0:00:28]} Nc5 {[%emt 0:00:31]} 36. Rb5 {[%emt 0:00:14]} Na4 {[%emt 0:06:57]} 37. Rb3 {[%emt 0:00:15]} Kf7 {[%emt 0:00:56]} 38. Rf3 {[%emt 0:01:00]} Rxb2 {[%emt 0:01:06]} 39. Rf2 {[%emt 0:00:11]} Ke7 {[%emt 0:06:22]} 40. Rxb2 {[%emt 0:00:38]} Nxb2 {[%emt 0:00:02]} 41. Be2 {[%emt 0:05:30]} Na4 {[%emt 0:03:16]} 42. a3 {[%emt 0:01:09]} Nc3 {[%emt 0:00:34]} 43. Bd3 {[%emt 0:04:51]} b5 {[%emt 0:07:33]} 44. cxb5 {[%emt 0:04:24]} Nxd5 {[%emt 0:00:42]} 45. Kg2 {[%emt 0:25:22]} Nf6 {[%emt 0:01:12]} 46. Kh3 {[%emt 0:03:27]} Ng4 {[%emt 0:00:23]} 47. Bc4 {[%emt 0:00:25]} Ne3 {[%emt 0:00:24]} 48. Be2 {[%emt 0:02:24]} d5 {[%emt 0:00:25]} 49. Kh4 {[%emt 0:00:18]} Kf6 {[%emt 0:00:11]} 50. a4 {[%emt 0:04:11]} Nc4 {[%emt 0:00:38]} 51. h3 {[%emt 0:02:05]} Nb2 {[%emt 0:00:46]} 52. g4 {[%emt 0:00:09]} hxg4 {[%emt 0:00:03]} 53. hxg4 {[%emt 0:00:05]} d4 {[%emt 0:00:49]} 0-1

[Event "95th Caplin Hastings Congress"]
[Site "Hastings"]
[Date "2020.01.02"]
[Round "6.15"]
[White "Murphy, Conor E"]
[Black "De Coverly, Roger D"]
[Result "1-0"]
[WhiteElo "2407"]
[BlackElo "1986"]
[Annotator "NA"]
[PlyCount "75"]
[EventDate "2019.12.28"]
[EventType "swiss"]
[EventCountry "ENG"]
[SourceTitle "playchess.com"]
[Source "ChessBase"]
[SourceQuality "1"]
[TimeControl "40/6600+30:3000+30"]

1. e4 {[%emt 0:09:46]} e5 {[%emt 0:09:37]} 2. Nf3 {[%emt 0:00:08]} Nc6 {[%emt 0:00:04]} 3. Bc4 {[%emt 0:00:21]} Nf6 {[%emt 0:00:31]} 4. d3 {[%emt 0:00:16]} Be7 {[%emt 0:00:43]} 5. O-O {[%emt 0:00:24]} O-O {[%emt 0:00:12]} 6. Re1 {[%emt 0:00:17]} d6 {[%emt 0:00:57]} 7. a4 {[%emt 0:00:24]} h6 {[%emt 0:02:25]} 8. a5 {[%emt 0:01:32] C55: Two Knights: 4 d3, 4 d4 exd4 5 e5 and Max Lange Attack} (8. c3 a6 9. Nbd2 Be6 10. Qc2 Qd7 11. b4 Nh7 12. Bxe6 fxe6 13. Bb2 b6 14. b5 axb5 15. axb5 Na5 16. c4 {½-½ (54) So,W (2812)-Ivanchuk,V (2738) Leuven 2017}) 8... a6 {[%emt 0:00:28]} 9. c3 {[%emt 0:00:37]} Bg4 {[%emt 0:06:49]} 10. Nbd2 {[%emt 0:06:39]} Na7 $146 {[%emt 0:03:27]} ({Predecessor:} 10... Qd7 11. Qb3 Nh5 12. d4 Nf4 13. Bf1 Kh8 14. d5 {½-½ (26) Biolek,R (2422)-Stocek,J (2578) Czechia 2008}) 11. h3 {[%emt 0:09:54]} Bxf3 {[%emt 0:01:56]} 12. Nxf3 {[%emt 0:02:34]} c5 {[%emt 0:00:17]} 13. Nh4 {[%emt 0:05:49]} Kh7 {[%emt 0:05:43]} 14. Qb3 {[%emt 0:07:09]} Nxe4 {[%emt 0:06:08]} (14... Ng8 $16) 15. dxe4 {[%emt 0:03:40]} Bxh4 {[%emt 0:00:15]} 16. g3 {[%emt 0:02:37]} Bg5 {[%emt 0:02:49]} 17. Qxb7 {[%emt 0:01:34]} Bxc1 {[%emt 0:03:57]} 18. Rexc1 {[%emt 0:00:25]} ({Don't do} 18. Raxc1 $6 Nb5 $16) 18... Nb5 {[%emt 0:01:41]} 19. Bxb5 {[%emt 0:02:25]} axb5 {[%emt 0:00:05]} 20. Qxb5 {[%emt 0:00:32]} Qg5 {[%emt 0:03:01]} 21. a6 {[%emt 0:07:54]} f5 {[%emt 0:03:42]} 22. exf5 {[%emt 0:15:44]} Qxf5 {[%emt 0:01:48]} 23. Qe2 $18 {[%emt 0:00:59]} Qxh3 {[%emt 0:10:44]} 24. b4 {[%emt 0:01:34]} Qc8 {[%emt 0:03:17]} 25. b5 {[%emt 0:01:24]} Qc7 {[%emt 0:02:20]} 26. Qe4+ {[%emt 0:01:55]} Kh8 {[%emt 0:01:35]} 27. Rcb1 {[%emt 0:02:50]} Qb6 {[%emt 0:03:46]} 28. c4 {[%emt 0:01:50]} Ra7 {[%emt 0:03:50]} 29. Ra3 {[%emt 0:01:24]} Rb8 {[%emt 0:01:05]} 30. Kg2 {[%emt 0:01:07]} Qd8 {[%emt 0:02:15]} 31. Rd1 {[%emt 0:01:06]} Rb6 {[%emt 0:08:40]} 32. Qxe5 {[%emt 0:03:59]} Qf8 {[%emt 0:02:07]} 33. Qd5 {[%emt 0:00:23]} Qf6 {[%emt 0:02:23]} 34. Rf3 {[%emt 0:00:24]} Qd8 {[%emt 0:02:43]} 35. Rf7 {[%emt 0:01:20]} Rxf7 {[%emt 0:05:44]} 36. Qxf7 {[%emt 0:00:07]} Qa8+ {[%emt 0:01:04]} 37. Qd5 {[%emt 0:00:20]} Qa7 {[%emt 0:00:44]} 38. Rd3 {[%emt 0:00:37]} 1-0

[Event "95th Caplin Hastings Congress"]
[Site "Hastings"]
[Date "2020.01.02"]
[Round "6.16"]
[White "Flear, Christine"]
[Black "Petrov, Vladimir Sergeev"]
[Result "0-1"]
[WhiteElo "2035"]
[BlackElo "2355"]
[Annotator "NA"]
[PlyCount "74"]
[EventDate "2019.12.28"]
[EventType "swiss"]
[EventCountry "ENG"]
[SourceTitle "playchess.com"]
[Source "ChessBase"]
[SourceQuality "1"]
[TimeControl "40/6600+30:3000+30"]

1. d4 {[%emt 0:09:33]} Nf6 {[%emt 0:20:27]} 2. Nf3 {[%emt 0:00:10]} e6 {[%emt 0:00:06]} 3. g3 {[%emt 0:00:08]} d5 {[%emt 0:00:35]} 4. Bg2 {[%emt 0:00:58]} c5 {[%emt 0:01:48]} 5. O-O {[%emt 0:00:21]} cxd4 {[%emt 0:00:22]} 6. Nxd4 {[%emt 0:00:23]} e5 {[%emt 0:00:34]} 7. Nb3 {[%emt 0:00:36]} Nc6 {[%emt 0:00:20]} 8. Bg5 {[%emt 0:04:32]} Be6 {[%emt 0:00:09]} 9. Nc3 {[%emt 0:09:48]} d4 {[%emt 0:00:07]} 10. Ne4 {[%emt 0:02:30]} Be7 {[%emt 0:07:15]} 11. Bxf6 {[%emt 0:05:51]} Bxf6 {[%emt 0:05:16]} 12. Nbc5 {[%emt 0:09:41]} Bc8 {[%emt 0:00:28]} 13. c3 {[%emt 0:05:34]} Be7 {[%emt 0:10:30]} 14. cxd4 {[%emt 0:02:03]} f5 {[%emt 0:04:23]} 15. Nd2 {[%emt 0:04:13]} Qxd4 {[%emt 0:02:50]} 16. Ndb3 {[%emt 0:09:35]} (16. Bxc6+ $5 bxc6 17. Ndb3 Qxd1 18. Rfxd1 $11) 16... Qxd1 $14 {[%emt 0:04:33]} 17. Rfxd1 {[%emt 0:00:37]} e4 {[%emt 0:00:44]} 18. f3 {[%emt 0:06:35]} a5 {[%emt 0:09:39]} 19. Na4 {[%emt 0:10:37]} O-O {[%emt 0:13:49]} 20. fxe4 {[%emt 0:12:13]} fxe4 {[%emt 0:01:19]} 21. Nb6 {[%emt 0:05:38]} Rb8 {[%emt 0:00:11]} 22. Bxe4 {[%emt 0:02:51]} Bf6 {[%emt 0:07:52]} 23. Rab1 {[%emt 0:01:17]} Bg4 {[%emt 0:02:57]} 24. Nd7 {[%emt 0:06:54]} Bxd7 {[%emt 0:01:10]} 25. Rxd7 {[%emt 0:00:02]} Rbe8 {[%emt 0:04:55]} 26. Bd5+ {[%emt 0:03:35]} Kh8 {[%emt 0:00:30]} 27. Bxc6 {[%emt 0:02:51]} bxc6 {[%emt 0:00:13]} 28. Nxa5 {[%emt 0:00:31]} Rxe2 {[%emt 0:04:21]} 29. b4 {[%emt 0:01:03]} Bg5 {[%emt 0:02:49]} 30. Nxc6 {[%emt 0:00:33]} Rff2 {[%emt 0:01:45]} 31. Rb3 {[%emt 0:02:03]} Rg2+ {[%emt 0:00:42]} 32. Kf1 {[%emt 0:00:06]} Ref2+ {[%emt 0:00:52]} 33. Ke1 {[%emt 0:00:14]} Rxa2 {[%emt 0:00:11]} 34. Kf1 {[%emt 0:00:38]} Rxh2 {[%emt 0:00:32]} 35. Kg1 {[%emt 0:00:22]} Rhc2 {[%emt 0:00:31]} 36. Rf3 {[%emt 0:01:50]} Ra1+ {[%emt 0:00:20]} 37. Rf1 {[%emt 0:00:21]} Be3+ {[%emt 0:00:04]} 0-1

[Event "95th Caplin Hastings Congress"]
[Site "Hastings"]
[Date "2020.01.02"]
[Round "6.17"]
[White "Willow, Jonah B"]
[Black "Burrows, Nick"]
[Result "1-0"]
[WhiteElo "2355"]
[BlackElo "1952"]
[Annotator "NA RC"]
[PlyCount "57"]
[EventDate "2019.12.28"]
[EventType "swiss"]
[EventCountry "ENG"]
[SourceTitle "playchess.com"]
[Source "ChessBase"]
[SourceQuality "1"]
[TimeControl "40/6600+30:3000+30"]

1. e4 {[%emt 0:09:31]} e6 {[%emt 0:09:36]} 2. d4 {[%emt 0:00:07]} d5 {[%emt 0:00:06]} 3. Nd2 {[%emt 0:00:06]} Nf6 {[%emt 0:00:21]} 4. e5 {[%emt 0:00:05]} Nfd7 {[%emt 0:00:06]} 5. c3 {[%emt 0:00:03]} c5 {[%emt 0:00:13]} 6. f4 {[%emt 0:00:04]} Nc6 {[%emt 0:00:24]} 7. Ndf3 {[%emt 0:00:04]} cxd4 {[%emt 0:00:49]} 8. cxd4 {[%emt 0:00:16]} a5 {[%emt 0:00:36]} 9. Bd3 {[%emt 0:03:33] C05: French Tarrasch: 3...Nf6 4 e5 Nfd7, 5 f4 and 5 Bd3 sidelines} (9. a3 a4 10. Bd3 Nb6 11. Ne2 Be7 12. h4 Bd7 13. h5 Nc4 14. Nc3 b5 15. f5 exf5 16. h6 g6 17. Nxd5 {½-½ (35) Hou,Y (2661)-Harika,D (2521) Sharjah 2014}) 9... a4 {[%emt 0:01:09]} 10. Ne2 {[%emt 0:01:09]} Bb4+ {[%emt 0:01:10]} 11. Kf2 {[%emt 0:01:21]} Nb6 $146 {[%emt 0:03:10]} ({Predecessor:} 11... a3 12. b3 f5 13. Be3 O-O 14. Rc1 Be7 15. Bb1 Ndb8 16. Rg1 Bd7 {1-0 (63) Van de Griendt,J (2355)-Bisby,D (2304) Hinckley Island 2009}) 12. Rf1 {[%emt 0:09:10]} Bd7 {[%emt 0:00:00]} 13. Kg1 {[%emt 0:01:36]} Nc4 {[%emt 0:00:59]} 14. f5 {[%emt 0:04:58]} exf5 {[%emt 0:18:04]} 15. Nf4 {[%emt 0:08:14]} Nb6 {[%emt 0:08:32]} 16. Nh5 {[%emt 0:07:10]} Bf8 {[%emt 0:11:17]} 17. Bg5 {[%emt 0:00:56]} Qc7 {[%emt 0:04:24]} 18. Qc2 {[%emt 0:03:50]} h6 {[%emt 0:03:46]} 19. Bh4 {[%emt 0:01:34]} g5 {[%emt 0:02:02]} 20. Nf6+ $16 {[%emt 0:04:26]} Kd8 {[%emt 0:00:36]} 21. Bf2 {[%emt 0:09:02]} Nb4 {[%emt 0:09:53]} 22. Qe2 {[%emt 0:07:37]} Nxd3 {[%emt 0:00:49]} 23. Qxd3 {[%emt 0:02:10]} Qc4 {[%emt 0:05:04]} 24. Qb1 {[%emt 0:12:02]} Be7 {[%emt 0:06:24]} 25. Nxd7 {[%emt 0:00:34]} Nxd7 {[%emt 0:05:21]} 26. Qxf5 {[%emt 0:00:17]} Rc8 {[%emt 0:05:04]} 27. Qxf7 {[%emt 0:05:45]} g4 {[%emt 0:02:00]} 28. Qg7 {[%emt 0:00:12]} Rf8 {[%emt 0:01:23]} 29. Qxg4 {[%emt 0:00:08]} 1-0